La educación en Chiapas (notice nᵒ 4861)
[ vue normale ]
| 000 -Sello discográfico | |
|---|---|
| campo de control de longitud fija | 01025nam0a2200265 4500 |
| 005 - Identificación de versión | |
| campo de control | 20251016083922.0 |
| 010 ## - Número Estándar Internacional de Libros (ISBN) | |
| Número (ISBN) | 978-607-2-00055-1 |
| 035 ## - Otros números de control del sistema | |
| Número de control del sistema | 3250 |
| 099 ## - fechas locales | |
| Tipo de ítem Koha | LIBRO |
| 100 ## - Datos de procesamiento general | |
| Datos de procesamiento general | 20110905d2008 m y0spay5003 ba |
| 105 ## - Campo de datos codificados: Material textual, monográfico | |
| Datos codificados de monografía | a 001zy |
| 200 1# - Título y mención de responsabilidad | |
| Título propio | La educación en Chiapas |
| Designación general del material | texto impreso |
| Otra información del título | desafíos para la investigación social |
| Primer mención de responsabilidad | Teresa Pacheco Méndez |
| 205 ## - Declaración de edición | |
| Declaración de edición | 1a ed |
| 210 ## - Publicación, distribución, etc. | |
| Lugar de publicación, distribución, etc. | México |
| Nombre del editor, distribuidor, etc. | Universidad Nacional Autónoma de México, Instituto de Investigaciones Antropológicas |
| -- | Programa de Investigaciones Multidisciplinarias sobre Mesoamérica |
| -- | Instituto de Investigaciones sobre la Universidad y la Educación |
| Fecha de publicación, distribución, etc. | 2008 |
| 215 ## - Descripción física | |
| Designación de material específico y extensión del ítem | 111 p |
| Otras características físicas | cuadros |
| Dimensiones | 23 cm |
| 345 ## - Nota de información de adquisición | |
| Fuente de adquisición/dirección de la suscripción [OBSOLETO] | Donación Teresa Pacheco Méndez |
| 606 ## - Término temático usado como materia | |
| Elemento de entrada | Educación rural |
| Subdivisión geográfica | Chiapas (México) |
| Número Koha | 9409 |
| 700 ## - Nombre personal - Responsabilidad primaria | |
| Elemento de entrada | Pacheco Méndez |
| Parte del nombre distinta del elemento de entrada | Teresa |
| Número Koha | 9410 |
| 801 #0 - Fuente de origen | |
| País | FR |
| Agencia | cm |
| Reglas de catalogación (convenciones descriptivas) | AFNOR |
| 900 ## - | |
| -- | 1/20313 |
| 942 ## - ELEMENTOS DE ENTRADA SECUNDARIOS (KOHA) | |
| Tipo de ítem Koha | Livre |
| 996 ## - | |
| -- | MEX |
| -- | 751145101 |
| -- | MMAG |
| -- | 000152 |
| -- | 370.980 P116ED |
| -- | 20110905LIV |
| Estatus retirado | Estado de daño | Estado de pérdida | Fecha de adquisición | Biblioteca de origen | Biblioteca actual | Ubicación en estantería | Código de barras | Precio de reemplazo | Signatura topográfica completa | No para préstamo | Tipo de ítem Koha | Nota pública | Nota no pública |
|---|---|---|---|---|---|---|---|---|---|---|---|---|---|
| 05/08/2025 | Casa México Paris | Casa México Paris | 000152 | 05/08/2025 | 370.980 P116ED | Livre | 20110905LIV | 751145101 |